Kurtz-gefasster Historischer Nachrichten zum Behuf Der Neuern Europäischen Begebenheiten ... Stück Auf das Jahr ...

Bibliographic Details
New Title:Kurzgefaßter Regensburgischer historischer Nachrichten zum Behuf der neuern europäischen Begebenheiten ... Stück
Other Authors: Seiffart, Christian Gottlieb (Printer)
Format: Journal
Language:German
PhysicalDescription:24 cm
Subjects:

MARC

LEADER 00000nas a2200000 4500
001 vtls012276241
003 SK-MaSNL
005 20260228155839.0
008 250513d17271792gw wr p 000 b0ger
015 |a SNBHFB 
040 |a SNKHF  |b slo  |c SNKHF  |e rda 
041 0 |a ger 
043 |a e------ 
044 |a gw  |c DE 
072 7 |a 93/94  |x Dejiny (všeobecne)  |2 konspekt 
080 |a (051)-048.55  |2 2011 
080 |a 93/94  |2 2011 
080 |a (4)  |2 2011 
245 0 0 |a Kurtz-gefasster Historischer Nachrichten zum Behuf Der Neuern Europäischen Begebenheiten ... Stück  |b Auf das Jahr ... 
264 3 |a Regenspurg  |b zu finden bey Christian Gottlieb Seiffart  |c [1727-1792] 
300 |c 24 cm 
310 |a 1x týždenne 
336 |a text  |b txt  |2 rdacontent 
337 |a bez média  |b n  |2 rdamedia 
338 |a zväzok  |b nc  |2 rdacarrierr 
362 0 |a [1.1727-1792?] 
500 |a Súčasťou názvu je aktuálny rok 
546 |a Nemčina  |b Fraktúra 
561 |a Proveniencia: pečiatka Dr. E. Kadarász - ver. not. poz. Margity Zayovej Čís. 11761.  |5 SNK ČC 4454/1752 
561 |a Proveniencia: pečiatka Dr. E. Kadarász - ver. not. poz. Margity Zayovej Čís. 11762-11763.  |5 SNK ČC 4454/1753-1754 
561 |a Proveniencia: pečiatka Dr. E. Kadarász - ver. not. poz. Margity Zayovej Čís. 11764.  |5 SNK ČC 4454/1768 
561 |a Proveniencia: pečiatka Dr. E. Kadarász - ver. not. poz. Margity Zayovej Čís. 11765-11768.  |5 SNK ČC 4454/1769 
561 |a Proveniencia: pečiatka Dr. E. Kadarász - ver. not. poz. Margity Zayovej Čís. 11769.  |5 SNK ČC 4454/1775 
561 |a Proveniencia: pečiatka Dr. E. Kadarász - ver. not. poz. Margity Zayovej Čís. 11757-11760.  |5 SNK ČC 4454/1748-1751 
561 |a Proveniencia: pečiatka Dr. E. Kadarász - ver. not. poz. Margity Zayovej Čís. 11770.  |5 SNK ČC 4454/1776 
561 |a Proveniencia: pečiatka Dr. E. Kadarász - ver. not. poz. Margity Zayovej Čís. 11772.  |5 SNK ČC 4454/1778 
588 |a Popis podľa: XIX. Stück (1748) 
650 0 7 |a dejiny  |2 SNKPH  |9 3825 
651 7 |a Európa  |2 SNKPHgeo  |9 167569 
655 7 |a špecializované časopisy  |2 SNKPH  |9 70509 
700 1 |a Seiffart, Christian Gottlieb  |4 prt  |9 265451 
752 |a Nemecko  |d Regenspurg 
785 0 0 |t Kurzgefaßter Regensburgischer historischer Nachrichten zum Behuf der neuern europäischen Begebenheiten ... Stück 
852 |a snk  |b Zaiova knižnica: Zay 11267  |p ČC 4454/1752 
852 |a snk  |b Zaiova knižnica: Zay 11268-11269  |p ČC 4454/1753-1754 
852 |a snk  |b Zaiova knižnica: Zay 11270  |p ČC 4454/1768 
852 |a snk  |b Zaiova knižnica: Zay 11271-11274  |p ČC 4454/1769/1-4 
852 |a snk  |b Zaiova knižnica: Zay 11275  |p ČC 4454/1775 
852 |a snk  |b Zaiova knižnica: Zay 11263-11266  |p ČC 4454/1748-1751 
852 |a snk  |b Zaiova knižnica: Zay 11276  |p ČC 4454/1776 
852 |a snk  |b Zaiova knižnica: Zay 11278  |p ČC 4454/1778 
958 |a DD 
999 |c 734  |d 734 
952 |0 0  |1 0  |4 0  |7 0  |8 5  |a SNK  |b SNK  |c SNK_HF  |d 2025-07-01  |i snk2025/10264  |l 0  |o snkČC 4454/1752  |p 17A1489898  |r 2026-02-21 22:33:57  |t Zay 11267  |w 2026-02-21  |y PREZ 
952 |0 0  |1 0  |4 0  |7 0  |8 5  |a SNK  |b SNK  |c SNK_HF  |d 2025-07-01  |i snk2025/10266  |l 0  |o snkČC 4454/1776  |p 17A1489897  |r 2026-02-21 22:33:57  |t Zay 11276  |w 2026-02-21  |y PREZ 
952 |0 0  |1 0  |4 0  |7 0  |8 5  |a SNK  |b SNK  |c SNK_HF  |d 2025-07-01  |i snk2025/10271  |l 0  |o snkČC 4454/1769/1  |p 17A1489896  |r 2026-02-21 22:33:57  |t Zay 11271  |w 2026-02-21  |y PREZ 
952 |0 0  |1 0  |4 0  |7 0  |8 5  |a SNK  |b SNK  |c SNK_HF  |d 2025-07-01  |i snk2025/10274  |l 0  |o snkČC 4454/1769/2  |p 17A1489895  |r 2026-02-21 22:33:57  |t Zay 11272  |w 2026-02-21  |y PREZ 
952 |0 0  |1 0  |4 0  |7 0  |8 5  |a SNK  |b SNK  |c SNK_HF  |d 2025-07-01  |i snk2025/10278  |l 0  |o snkČC 4454/1769/3  |p 17A1489894  |r 2026-02-21 22:33:58  |t Zay 11273  |w 2026-02-21  |y PREZ 
952 |0 0  |1 0  |4 0  |7 0  |8 5  |a SNK  |b SNK  |c SNK_HF  |d 2025-07-01  |i snk2025/10280  |l 0  |o snkČC 4454/1769/4  |p 17A1489893  |r 2026-02-21 22:33:58  |t Zay 11274  |w 2026-02-21  |y PREZ 
952 |0 0  |1 0  |4 0  |7 0  |8 5  |a SNK  |b SNK  |c SNK_HF  |d 2025-05-13  |i snk2025/7563  |l 0  |o snkČC 4454/1748  |p 17A1489783  |r 2026-02-21 22:34:01  |t Zay 11263  |w 2026-02-21  |y PREZ 
952 |0 0  |1 0  |4 0  |7 0  |8 5  |a SNK  |b SNK  |c SNK_HF  |d 2025-05-13  |i snk2025/7564  |l 0  |o snkČC 4454/1749  |p 17A1489782  |r 2026-02-21 22:34:02  |t Zay 11264  |w 2026-02-21  |y PREZ 
952 |0 0  |1 0  |4 0  |7 0  |8 5  |a SNK  |b SNK  |c SNK_HF  |d 2025-05-13  |i snk2025/7565  |l 0  |o snkČC 4454/1750  |p 17A1489781  |r 2026-02-21 22:34:02  |t Zay 11265  |w 2026-02-21  |y PREZ 
952 |0 0  |1 0  |4 0  |7 0  |8 5  |a SNK  |b SNK  |c SNK_HF  |d 2025-05-13  |i snk2025/7566  |l 0  |o snkČC 4454/1751  |p 17A1489780  |r 2026-02-21 22:34:02  |t Zay 11266  |w 2026-02-21  |y PREZ 
952 |0 0  |1 0  |4 0  |7 0  |8 5  |a SNK  |b SNK  |c SNK_HF  |d 2025-05-13  |i snk2025/7567  |l 0  |o snkČC 4454/1753  |p 17A1489779  |r 2026-02-21 22:34:02  |t Zay 11268  |w 2026-02-21  |y PREZ 
952 |0 0  |1 0  |4 0  |7 0  |8 5  |a SNK  |b SNK  |c SNK_HF  |d 2025-05-13  |i snk2025/7568  |l 0  |o snkČC 4454/1754  |p 17A1489778  |r 2026-02-21 22:34:02  |t Zay 11269  |w 2026-02-21  |y PREZ 
952 |0 0  |1 0  |4 0  |7 0  |8 5  |a SNK  |b SNK  |c SNK_HF  |d 2025-05-13  |i snk2025/7569  |l 0  |o snkČC 4454/1768  |p 17A1489777  |r 2026-02-21 22:34:02  |t Zay 11270  |w 2026-02-21  |y PREZ 
952 |0 0  |1 0  |4 0  |7 0  |8 5  |a SNK  |b SNK  |c SNK_HF  |d 2025-05-13  |i snk2025/7570  |l 0  |o snkČC 4454/1775  |p 17A1489776  |r 2026-02-21 22:34:02  |t Zay 11275  |w 2026-02-21  |y PREZ 
952 |0 0  |1 0  |4 0  |7 0  |8 5  |a SNK  |b SNK  |c SNK_HF  |d 2025-05-13  |i snk2025/7571  |l 0  |o snkČC 4454/1778  |p 17A1489797  |r 2026-02-21 22:34:02  |t Zay 11278  |w 2026-02-21  |y PREZ